000 00348 a2200169 4500
001 186774
020 _a85-356-0613-0
040 _cMagnum
100 _aAlves, Maria Helena Hees
240 1 0 _aO faz tudo
_lpor
245 1 0 _aO faz tudo
300 _a14
362 0 _a2001
440 1 _aPaulinas
697 _aLITERATURA INFANTO
942 _cBK
999 _c186774
_d186774